[Event "Pula op 35th"]
[Site "Pula"]
[Date "2023.06.23"]
[Round "7"]
[White "Fernandez Garcia, Jose Miguel"]
[Black "Grgantov, Marin"]
[Result "1-0"]
[WhiteElo "2363"]
[BlackElo "2067"]
[PlyCount "67"]
[EventDate "2023.06.17"]
[EventType "swiss"]
[EventRounds "9"]
[EventCountry "CRO"]
[SourceTitle "CBM 214 Extra"]
[Source "ChessBase"]
[SourceDate "2023.07.31"]
[SourceVersion "1"]
[SourceVersionDate "2023.07.31"]
[SourceQuality "1"]

1. e4 e5 2. Bc4 Nf6 3. d3 Nc6 4. Nc3 Na5 5. Bb3 Nxb3 6. axb3 Bc5 7. Qf3 h6 8. Nge2 a6 9. h3 d6 10. Ng3 g6 11. 0-0 Be6 12. Be3 Nd7 13. Bxc5 Nxc5 14. Qe3 Bd7 15. f4 Ne6 16. Nge2 Qh4 17. Nd5 Bc6 18. fxe5 dxe5 19. Nf6+ Ke7 20. Ra5 Bb5 21. c4 b6 22. Raa1 Be8 23. d4 Qg5 24. Qf2 exd4 25. Nxd4 Rd8 26. Nxe8 Rxd4 27. Nxc7 Rd2 28. Qxf7+ Kd6 29. e5+ Kc6 30. Qxe6+ Kxc7 31. Rf7+ Kd8 32. Qxb6+ Ke8 33. Qe6+ Kd8 34. Qf6+ 1-0

[Event "Hvar Arsenal blitz op"]
[Site "Hvar"]
[Date "2022.10.11"]
[Round "7"]
[White "Arnold, Jan1111"]
[Black "Grgantov, Marin"]
[Result "0-1"]
[WhiteElo "1772"]
[BlackElo "2041"]
[PlyCount "74"]
[EventDate "2022.10.11"]
[EventType "swiss (blitz)"]
[EventRounds "11"]
[EventCountry "CRO"]
[SourceTitle "CBM 210 Extra"]
[Source "ChessBase"]
[SourceDate "2022.11.30"]
[SourceVersion "1"]
[SourceVersionDate "2022.11.30"]
[SourceQuality "1"]

1. e4 d5 2. exd5 Nf6 3. d4 Bg4 4. Be2 Bxe2 5. Nxe2 Qxd5 6. 0-0 Nc6 7. c3 0-0-0 8. Bf4 e5 9. Bg3 exd4 10. Nf4 Qf5 11. Qa4 Bd6 12. Ne2 Bxg3 13. Nxg3 Qe5 14. cxd4 Rxd4 15. Qb3 Qd5 16. Qc3 Rd3 17. Qc2 Rd8 18. Nc3 Qc5 19. Rad1 Nb4 20. Qb1 Rxd1 21. Rxd1 Rxd1+ 22. Qxd1 g6 23. h3 Nc6 24. Qf3 Qe5 25. Nge4 Nxe4 26. Nxe4 f5 27. Ng5 Qxb2 28. Nxh7 Qxa2 29. Qg3 Qf7 30. Ng5 Qf6 31. h4 Qa1+ 32. Kh2 Qe5 33. f4 Qf6 34. Qe3 Qe7 35. Qc3 a5 36. Qh8+ Qd8 37. Qg8 Qxg8 0-1

[Event "Hvar Arsenal blitz op"]
[Site "Hvar"]
[Date "2022.10.11"]
[Round "6"]
[White "Grgantov, Marin"]
[Black "Ljubicic, Mario"]
[Result "0-1"]
[WhiteElo "2041"]
[BlackElo "1966"]
[PlyCount "57"]
[EventDate "2022.10.11"]
[EventType "swiss (blitz)"]
[EventRounds "11"]
[EventCountry "CRO"]
[SourceTitle "CBM 210 Extra"]
[Source "ChessBase"]
[SourceDate "2022.11.30"]
[SourceVersion "1"]
[SourceVersionDate "2022.11.30"]
[SourceQuality "1"]

1. e4 e5 2. Nf3 Nc6 3. d4 exd4 4. Bc4 Nf6 5. e5 Ne4 6. Bd5 Nc5 7. 0-0 Be7 8. Nxd4 Nxe5 9. Bf4 Ng6 10. Bg3 0-0 11. f4 d6 12. Nc3 Bf6 13. Bc4 Re8 14. Qd2 Ne4 15. Nxe4 Rxe4 16. c3 Bd7 17. Nc2 Qe7 18. Bd5 Re2 19. Qd3 Bc6 20. Bxc6 bxc6 21. Rae1 Re8 22. Nd4 Bxd4+ 23. cxd4 h5 24. f5 Nf4 25. Rxe2 Nxe2+ 26. Kh1 h4 27. Bf2 Nf4 28. Qc4 Qe4 29. f6 0-1

[Event "Hvar Arsenal op"]
[Site "Hvar"]
[Date "2022.10.08"]
[Round "1"]
[White "Mak, Xiu Ning Charlene"]
[Black "Grgantov, Marin"]
[Result "0-1"]
[WhiteElo "1694"]
[BlackElo "2141"]
[PlyCount "116"]
[EventDate "2022.10.08"]
[EventType "swiss"]
[EventRounds "9"]
[EventCountry "CRO"]
[SourceTitle "CBM 210 Extra"]
[Source "ChessBase"]
[SourceDate "2022.11.30"]
[SourceVersion "1"]
[SourceVersionDate "2022.11.30"]
[SourceQuality "1"]

1. e4 e5 2. Nf3 Nc6 3. Bc4 Bc5 4. c3 Nf6 5. d3 a6 6. Bb3 0-0 7. h3 d6 8. Nbd2 Be6 9. Nf1 d5 10. Qe2 d4 11. Ng3 Re8 12. 0-0 g6 13. Bg5 Be7 14. Bxe6 fxe6 15. Rfd1 Nd7 16. Bd2 Nc5 17. Nxe5 Nxe5 18. cxd4 Nexd3 19. Be3 Nxe4 20. Nxe4 Nb4 21. a3 Nd5 22. Bh6 Bf6 23. f4 Bg7 24. Bxg7 Kxg7 25. Rf1 Nf6 26. Rad1 Nxe4 27. Qxe4 c6 28. Rd3 Qf6 29. b4 Rad8 30. Qe3 Rd5 31. Rd2 Red8 32. Rfd1 R8d6 33. Rd3 b6 34. R1d2 h5 35. g3 Qf5 36. Qf2 Qxh3 37. a4 Qf5 38. Kg2 a5 39. bxa5 Rxa5 40. Ra3 b5 41. Qe3 Qd5+ 42. Kh2 Rxa4 43. Rxa4 bxa4 44. Qa3 c5 45. Qxa4 cxd4 46. Qa7+ Rd7 47. Qb8 d3 48. Qb2+ Qd4 49. Qb5 h4 50. Kh3 hxg3 51. Kxg3 Qe3+ 52. Kg4 Rf7 53. Qb2+ Kg8 54. Rf2 e5 55. Qb8+ Kg7 56. Qb2 Rxf4+ 57. Rxf4 Qxf4+ 58. Kh3 d2 0-1

[Event "Split op 11th"]
[Site "Split"]
[Date "2022.07.19"]
[Round "5"]
[White "Cupic, Lovro"]
[Black "Grgantov, Marin"]
[Result "0-1"]
[WhiteElo "2250"]
[BlackElo "2049"]
[PlyCount "98"]
[EventDate "2022.07.16"]
[EventType "swiss"]
[EventRounds "9"]
[EventCountry "CRO"]
[SourceTitle "CBM 209 Extra"]
[Source "ChessBase"]
[SourceDate "2022.09.30"]
[SourceVersion "1"]
[SourceVersionDate "2022.09.30"]
[SourceQuality "1"]

1. e4 e5 2. Nf3 Nc6 3. Bc4 Bc5 4. c3 Nf6 5. d4 exd4 6. e5 d5 7. Bb5 Ne4 8. cxd4 Bb6 9. Nc3 0-0 10. Be3 Bg4 11. h3 Bh5 12. Qb3 Bxf3 13. gxf3 Ng5 14. 0-0-0 Nxf3 15. Qxd5 Qxd5 16. Nxd5 Bxd4 17. Bxc6 Bxe3+ 18. fxe3 bxc6 19. Ne7+ Kh8 20. Nxc6 Rae8 21. Rhf1 Nxe5 22. Nxe5 Rxe5 23. Rxf7 Rc5+ 24. Kb1 Kg8 25. Re7 h6 26. a3 a5 27. Rdd7 Rg5 28. Rxc7 Rf1+ 29. Kc2 Rh1 30. b4 axb4 31. axb4 Rxh3 32. Rc3 Rf3 33. Kd3 h5 34. Rc5 Rff5 35. Kd4 h4 36. e4 Rxc5 37. bxc5 h3 38. c6 h2 39. c7 h1Q 40. c8Q+ Kh7 41. Qc3 Qd1+ 42. Qd3 Qa4+ 43. Qc4 Qa3 44. Rf7 Qd6+ 45. Ke3 Rg2 46. e5 Qd2+ 47. Kf3 Qf2+ 48. Ke4 Rg4+ 49. Kd3 Qg3+ 0-1

[Event "CRO-ch U15"]
[Site "Trogir"]
[Date "2022.06.24"]
[Round "4"]
[White "Grgantov, Marin"]
[Black "Mlinaric, Simun"]
[Result "1-0"]
[WhiteElo "2063"]
[BlackElo "1439"]
[PlyCount "27"]
[EventDate "2022.06.22"]
[EventType "swiss"]
[EventRounds "9"]
[EventCountry "CRO"]
[SourceTitle "CBM 209 Extra"]
[Source "ChessBase"]
[SourceDate "2022.09.30"]
[SourceVersion "1"]
[SourceVersionDate "2022.09.30"]
[SourceQuality "1"]

1. e4 c5 2. Nc3 Nc6 3. f4 e6 4. Nf3 d5 5. Bb5 Nge7 6. exd5 Nxd5 7. Bxc6+ bxc6 8. 0-0 Be7 9. Ne5 Qb6 10. Na4 Qc7 11. b3 Nb6 12. Nc3 f6 13. Qh5+ g6 14. Nxg6 1-0

[Event "CRO-chT U16"]
[Site "Crikvenica"]
[Date "2021.12.20"]
[Round "5.1"]
[White "Novosel, Lovro"]
[Black "Grgantov, Marin"]
[Result "1-0"]
[WhiteElo "2126"]
[BlackElo "1893"]
[PlyCount "87"]
[EventDate "2021.12.18"]
[EventType "team-tourn"]
[EventRounds "7"]
[EventCountry "CRO"]
[SourceTitle "CBM 206 Extra"]
[Source "ChessBase"]
[SourceDate "2022.03.31"]
[SourceVersion "1"]
[SourceVersionDate "2022.03.31"]
[SourceQuality "1"]
[WhiteTeam "Sveta Nedelja"]
[BlackTeam "Kastel Novi Sedlar"]
[WhiteTeamCountry "CRO"]
[BlackTeamCountry "CRO"]

1. d4 d5 2. Nf3 c6 3. c4 Nf6 4. Qc2 e6 5. g3 Ne4 6. Bg2 f5 7. 0-0 Bd6 8. Ne1 0-0 9. f3 Nf6 10. Nd3 Nbd7 11. Nd2 e5 12. cxd5 Nxd5 13. Nc4 Qe7 14. Nxd6 Qxd6 15. e4 fxe4 16. fxe4 Rxf1+ 17. Kxf1 Ne7 18. Qb3+ Kh8 19. Nxe5 Nxe5 20. dxe5 Qxe5 21. Bf4 Qe6 22. Qb4 Qf7 23. Kg1 Ng8 24. a3 Be6 25. Rd1 Re8 26. Qc5 Ra8 27. b4 a6 28. Rf1 Qe7 29. Bd6 Qd7 30. e5 Re8 31. a4 Rc8 32. Be4 Nh6 33. Qc2 Nf7 34. Rd1 h6 35. Qc5 Ng5 36. Bg2 Bh3 37. Qe3 Bxg2 38. Kxg2 Re8 39. Qf4 Nf7 40. Rf1 Nxd6 41. exd6 Rd8 42. Re1 Qxd6 43. Re8+ Kh7 44. Qf5+ 1-0